000 01019nam0a22002891 4500
001 v19\rc\1900999
005 20251118180516.6
035 _a(NLR Aleph) 004991292
090 _a6288797
_c6288797
100 _a20080404d1911 |||y0rusy50 ca
101 1 _arus
_cfre
102 _aRU
105 _aa z |||||
200 1 _aДиагностика расстройств движения глаза
_f[Соч.] Д-ра Е. Landolt'а
_gПер. с фр. и с предисл. к рус. изд. проф. А.Г. Агабабова
210 _aКазань
_cбр. Башмаковы
_d1911
215 _a104 с.
_cил.
_d23
700 1 _aЛандольт
_bЭ.
_gЭдмонд
702 1 _aАгабабов
_bА. Г.
_f1863-
_gАлександр Григорьевич
_4730
_4080
801 0 _aRU
_bNLR
_gpsbo
801 0 _aRU
_bRuMoRGB
_2psbo
801 1 _aRU
_bProSoft-M
_2rusmarc
852 _aNLR
_j37.33.7.34
899 _aRuMoRGB
_jF 101/588
899 _aRuMoRGB
_jF 75/601
899 _aБАН
942 _cBOOK
980 _aNB